Normal view
MARC view
- Conferencia Mundial sobre Necesidades Educativas Especiales: Acceso y Calidad
Entry Nombre congreso
001 - NÚMERO DE CONTROL
- campo de control: 2127
003 - IDENTIFICADOR DEL NÚMERO DE CONTROL
- campo de control: ES-MaFIAP
005 - FECHA Y HORA DE LA ÚLTIMA TRANSACCIÓN
- campo de control: 20231214095049.0
008 - DATOS DE LONGITUD FIJA
- campo de control de longitud fija: 231214|| aca||aabn | a|a d
040 ## - FUENTE DE LA CATALOGACIÓN
- Centro catalogador/agencia de origen: ES-MaFIAP
- Centro/agencia transcriptor: ES-MaFIAP
111 ## - ENCABEZAMIENTO--NOMBRE DE CONGRESO/REUNIÓN
- Nombre de congreso/reunión o jurisdicción como elemento de entrada: Conferencia Mundial sobre Necesidades Educativas Especiales: Acceso y Calidad
- Fecha del congreso o de la firma del tratado: 1994
- Sede del congreso/Lugar de la reunión: Salamanca
670 ## - FUENTE DE DATOS ENCONTRADOS
- Cita de la fuente: Work cat.: (ES-MaFIAP)816: Conferencia Mundial sobre Necesidades Educativas Especiales: Acceso y Calidad 1994 Salamanca, Informe final , [1995]





